000 01634nam a2200409 c 4500
001 10341
003 ES-MaCES
005 20150724120045.0
008 000307s1993 be d t o100 | eng d
035 _aCES20000003520m
040 _aES-MaCES
_bspa
_cES-MaCES
111 2 _aConference to Explore the Evolution of Industry and Services and its Employment Impact
_d1993
_cMilán
_9564
245 1 2 _aA conference to explore the evolution of industry and services and its employment impact
_c[Conference (...) held in Milan, 27-28 may, 1993]
260 _aBrussels
_bSYSDEM
_c[1993?]
300 _a162 p.
_c30 cm
490 1 _aSYSDEM papers
_v9
500 _aEn la cub.: Employment observatory. Trends
500 _aEn la cub., además: Commission of the European Communities, Directorate-General Employment, Industrial Relations and Social Affairs
541 _cGratuito
650 4 _aempleo
_928299
650 4 _adesarrollo industrial
_927623
650 4 _asector económico
_930015
650 4 _amercado de trabajo
_928292
650 4 _aEuropa
_926940
650 4 _aAlemania
_926944
650 4 _aconferencia
_927013
650 4 _aItalia
_926952
653 1 0 _aEmpleo
650 4 _928300
_apolítica de empleo
710 2 _aSistema Europeo de Documentación sobre el Empleo (SYSDEM)
_eed.
_94971
710 2 _aComisión de las Comunidades Europeas
_bDirección General de Empleo, Relaciones Laborales y Asuntos Sociales
_92038
740 0 2 _aEmployment Observatory. Trends
830 0 _aSYSDEM papers
_v9
_933406
902 _aLIB Libro
942 _2CES
_cBK
_h2.1.
999 _c10341
_d10341